Skorosť sveta i radiovln /

Uložené v:
Podrobná bibliografia
Hlavní autori: From, K (Autor), Essen, L (Autor)
Médium: Kniha
Jazyk:Russian
Vydavateľské údaje: Moskva : Mir, 1973
Tagy: Pridať tag
Žiadne tagy, Buďte prvý, kto otaguje tento záznam!

MARC

LEADER 00000nam a22000003a 4500
001 stu36275
005 20150617225726.9
008 920601s1973----xxr-----------------rus-d
040 |a STU  |b slo 
041 0 |a rus 
044 |a xxr 
100 1 |a From, K  |4 aut 
245 1 |a Skorosť sveta i radiovln /  |c [aut.]K. From, L. Essen 
260 |a Moskva :  |b Mir,  |c 1973 
300 |a 195 s 
700 1 |a Essen, L  |4 aut 
996 |b 284M047606  |c M*1365-1  |l MMKN  |s A  |a 24  |w stu36275_0001